000 01397cam a2200409 4500
001 768714001
003 CO-MdFUSB
005 20250508101727.0
008 101015s2010 sp | |||| 000 0 spa
017 _aSE 5128-2010
_bOficina Depósito Legal Sevilla
020 _a9788492836802
040 _aSpMaBN
_bspa
_cCO-MdFUSB
_erdc
_dCO-MdFUSBC
041 1 _aspa
_heng
080 _a613.885:28
082 _224
_aG 241.664m
_bT981a
100 1 _aTylee, Alex
_eautor
240 1 0 _aWalking with gay friends
242 _aWalking with gay friends first
245 1 3 _aMi amig@ es homosexual
_c/ Alex Tylee ; traducido por Gisela Muñoz Cruz
_b:
250 _aprimera edición
264 1 _aBarcelona, España :
_bAndamio,
_c℗[2010]
264 4 _c©2010
300 _a163 páginas
_c20 cm
_b:
336 _2rdacontent
_a1
_ba1
337 _2rdamedia
_a2
_b5
338 _2rdacarrier
_a2
_b5
490 0 _aGBU conecta
505 _aMi historia -- ¿Qué dice la biblia? -- Los orígenes -- Identidad y evangelización -- Después de la conversión -- Reacción mala, reacción buena -- Comisión
534 _cWalking with gay friends first
650 7 _aHomosexualidad
_xAspectos religiosos
_2embne
650 0 _aVida cristiana
_919
700 _9743
_aMuñoz Cruz, Gisela
_etraductor
942 _cBK
945 _aJTF-925
999 _c63819
_d63819